<?xml version="1.0" encoding="UTF-8"?><?xml-stylesheet type="text/xsl" href="static/style.xsl"?><OAI-PMH xmlns="http://www.openarchives.org/OAI/2.0/" xmlns:xsi="http://www.w3.org/2001/XMLSchema-instance" xsi:schemaLocation="http://www.openarchives.org/OAI/2.0/ http://www.openarchives.org/OAI/2.0/OAI-PMH.xsd"><responseDate>2026-06-03T01:34:45Z</responseDate><request verb="GetRecord" identifier="oai:riuma.uma.es:10630/7615" metadataPrefix="marc">https://riuma.uma.es/rest/oai/request</request><GetRecord><record><header><identifier>oai:riuma.uma.es:10630/7615</identifier><datestamp>2026-02-03T12:01:09Z</datestamp><setSpec>com_10630_2254</setSpec><setSpec>col_10630_37959</setSpec></header><metadata><record xmlns="http://www.loc.gov/MARC21/slim" xmlns:dcterms="http://purl.org/dc/terms/" xmlns:doc="http://www.lyncode.com/xoai" xmlns:xsi="http://www.w3.org/2001/XMLSchema-instance" xsi:schemaLocation="http://www.loc.gov/MARC21/slim http://www.loc.gov/standards/marcxml/schema/MARC21slim.xsd">
   <leader>00925njm 22002777a 4500</leader>
   <datafield ind2=" " ind1=" " tag="042">
      <subfield code="a">dc</subfield>
   </datafield>
   <datafield ind2=" " ind1=" " tag="720">
      <subfield code="a">Liger-Pérez, Esperanza</subfield>
      <subfield code="e">author</subfield>
   </datafield>
   <datafield ind2=" " ind1=" " tag="720">
      <subfield code="a">Cañada, Pedro</subfield>
      <subfield code="e">author</subfield>
   </datafield>
   <datafield ind2=" " ind1=" " tag="720">
      <subfield code="a">Dueñas-Buey, Mª Concepción</subfield>
      <subfield code="e">author</subfield>
   </datafield>
   <datafield ind2=" " ind1=" " tag="720">
      <subfield code="a">Fernández, Mª Carmen</subfield>
      <subfield code="e">author</subfield>
   </datafield>
   <datafield ind2=" " ind1=" " tag="720">
      <subfield code="a">Cañete-Hidalgo, Sergio Andrés</subfield>
      <subfield code="e">author</subfield>
   </datafield>
   <datafield ind2=" " ind1=" " tag="720">
      <subfield code="a">Gordo Puertas, Elisa</subfield>
      <subfield code="e">author</subfield>
   </datafield>
   <datafield ind2=" " ind1=" " tag="720">
      <subfield code="a">Pérez-Martínez, Manuel</subfield>
      <subfield code="e">author</subfield>
   </datafield>
   <datafield ind2=" " ind1=" " tag="260">
      <subfield code="c">2014-06-09</subfield>
   </datafield>
   <datafield ind2=" " ind1=" " tag="520">
      <subfield code="a">The atmospheric deposition over the whole Mediterranean is poorly constrained and hinders a clear assessment of the extent to which atmospheric elements of various anthropogenic and natural origins affect its biogeochemistry. Available data show poor spatial representation, as most of the deposition data refer to the northwestern zone. The Alboran Sea, in particular, is a very interesting case study as regards the atmospheric input because the atmospheric chemistry is dominated by antagonistic influences of natural (mainly from the Sahara) and human activity due to the relative proximity of land-based sources and densely populated shores. The biogeochemical impact of desert dust also remains a matter of discussion regarding its contribution for different major and minor elements to terrestrial and marine systems and especially its potential fertilizing role by supplying micronutrients as iron. Atmospheric fluxes of various trace metals were measured in order to evaluate the presence of these elements in their differently bio-available forms, contents in the soluble and non-soluble fractions were determined. Sampling presented for this study was performed in Malaga (southeast of Spain, 36° 43′ 40″ N; 4° 28′ 8″ W) in an open bulk deposition collector placed 10 m above the ground. The Hybrid Single-Particle Lagrangian Integrated Trajectory (HYSPLIT) model was used to calculate the backward trajectories of air masses reaching the study region.</subfield>
   </datafield>
   <datafield ind1="8" ind2=" " tag="024">
      <subfield code="a">http://hdl.handle.net/10630/7615</subfield>
   </datafield>
   <datafield tag="653" ind2=" " ind1=" ">
      <subfield code="a">Deposición atmosférica</subfield>
   </datafield>
   <datafield ind2="0" ind1="0" tag="245">
      <subfield code="a">Atmospheric deposition fluxes of aluminium, iron and trace metals in a coastal station on the NW-Alboran Sea, (W-Mediterranean)</subfield>
   </datafield>
</record>
</metadata></record></GetRecord></OAI-PMH>